Sông Đông êm đềm Tập 2

.

Gespeichert in:
Bibliographische Detailangaben
1. Verfasser: Sôlôkhốp. M
Weitere Verfasser: Nguyễn Thuỵ Ứng (dịch)
Format: Buch
Sprache:Vietnamese
Veröffentlicht: H. Tác phẩm mới 1983
Schlagworte:
Tags: Tag hinzufügen
Keine Tags, Fügen Sie den ersten Tag hinzu!
Thư viện lưu trữ: Mạng thư viện Đại học Đà Nẵng
LEADER 01115nam a2200361 4500
001 000004848
003 989
005 20120412080419.0
008 110805s1983 viesd
020 |c 15000 
041 0 |a vie 
082 |a 891.7  |b SO-M 
100 0 |a Sôlôkhốp. M 
245 1 0 |a Sông Đông êm đềm  |c Sôlôkhốp. M  |n Tập 2 
260 |a H.  |b Tác phẩm mới  |c 1983 
300 |a 355 tr.  |c 19 cm 
520 |a . 
653 |a Văn học Nga 
653 |a Tiểu thuyết 
653 |a Sôlôkhốp. M 
700 |a Nguyễn Thuỵ Ứng  |e dịch 
773 |t Sông Đông êm đềm  |w 964 
910 |a Thu Sương  |d 4/8/2011 
OWN |a LSP 
AVA |a UDN50  |b LSP  |d 891.7 SO-M  |e available  |t Error 5001 Not defined in file expand_doc_bib_avail.  |f 3  |g 1  |h N  |i 0  |k 1 
999 |a From the UDN01 
AVA |a UDN50  |b LSP  |d 891.7 SO-M  |e available  |t Error 5001 Not defined in file expand_doc_bib_avail.  |f 3  |g 1  |h N  |i 0  |k 1 
TYP |a Monograph 
TYP |a Printed language 
980 |a Mạng thư viện Đại học Đà Nẵng